[Event "CFriend SH-2005-0-00037 email"]
[Site "Chessfriend.com"]
[Date "2005.07.19"]
[Round "1"]
[White "Kresz, Laszlo"]
[Black "Zhdanenia, Konstantin A"]
[Result "1-0"]
[WhiteElo "2207"]
[BlackElo "2030"]
[PlyCount "63"]
[EventDate "2005.??.??"]
[EventType "tourn (corr)"]
[EventRounds "8"]
[SourceTitle "Corr 2008"]
[Source "ChessBase"]
[SourceDate "2008.06.24"]
[SourceVersion "1"]
[SourceVersionDate "2008.06.24"]
[SourceQuality "1"]

1. e4 c5 2. Nf3 d6 3. d4 cxd4 4. Nxd4 Nf6 5. Nc3 a6 6. Be3 e6 7. Be2 Be7 8. 0-0 Qc7 9. f4 Nc6 10. a4 0-0 11. Kh1 Re8 12. Bf3 Bf8 13. Qd2 Na5 14. Qf2 Nc4 15. Bc1 e5 16. Nde2 d5 17. fxe5 Nxe5 18. Bf4 dxe4 19. Nxe4 Nd5 20. Qg3 Qe7 21. Bg5 Qe6 22. Rad1 Nxf3 23. Qxf3 Nc7 24. N2g3 Qg6 25. h4 f5 26. Nc3 h6 27. Bd8 Ne6 28. h5 Qh7 29. Bb6 f4 30. Nge4 Kh8 31. a5 Qf5 32. Kh2 1-0